| 000 | 00831cam a2200313 4500500 | ||
|---|---|---|---|
| 005 | 20260405003502.0 | ||
| 041 | _afre | ||
| 042 | _adc | ||
| 100 | 1 | 0 |
_aLavis, Alexis _eauthor |
| 245 | 0 | 0 | _aLe peuple chinois, et moi et moi et moi… |
| 260 | _c2022. | ||
| 500 | _a41 | ||
| 690 | _aAlexis Lavis | ||
| 690 | _aAsie | ||
| 690 | _aCapitalisme | ||
| 690 | _aChine | ||
| 690 | _aCommunisme | ||
| 690 | _aContrôle | ||
| 690 | _aCrédit social | ||
| 690 | _aIdentité | ||
| 690 | _aLoi | ||
| 690 | _aOccident | ||
| 690 | _aPeuple | ||
| 690 | _aPolitique | ||
| 690 | _aRésistance | ||
| 690 | _aTotalitarisme | ||
| 786 | 0 | _nPhilosophie magazine | 158 | 4 | 2022-04-01 | p. 17-19 | 1951-1787 | |
| 856 | 4 | 1 | _uhttps://shs.cairn.info/magazine-philosophie-magazine-2022-4-page-17?lang=fr&redirect-ssocas=7080 |
| 999 |
_c2068012 _d2068012 |
||